000 00736cam a2200217 a 4500
001 000015768
005 20200929164139.0
008 890315s1990 nyua 001 0ceng d
020 _a0070238049
040 _aDO-SdBNP
_beng
_cLC
_dBNPHU
082 _a070.435
_bG662d
100 1 _aGordon, Gregory.
_935487
245 1 0 _aDown to the wire :
_bupi's fight for survival /
_cGregory Gordon y Ronald E. Cohen.
260 _aNew York :
_bMcGraw-Hill,
_c1990.
300 _axii, 429 p. :
_bil. ;
_c24 cm.
650 4 _aAgencias de noticias
_zEstados Unidos
_xHistoria
_935488
650 0 _aPeriodistas
_zEstados Unidos
_xBiografía
_935489
700 1 _aCohen, Ronald E.,
_d1937-
_935490
910 _aCatalogación por copia / LC
049 _aBNGR
999 _c15316
_d15316